000 01128cpcaa22003137a 4500
001 mm 80002390
003 DLC
005 20260227111700.0
008 800204|||||||||||| eng
010 _amm 80002390
040 _aDLC
_cDLC
_dDLC
_edacs
072 7 _aC
_2lcmd
100 1 _aWright, John C.
_q(John Crafts),
_d1783-1861.
245 0 0 _aJohn C. Wright papers,
_f1816-1828.
300 _a10
_fitems.
506 0 _aOpen to research.
545 0 _aU.S. representive from Ohio, public official of Pennsylvania, editor, printer, jurist, and lawyer.
546 _aCollection material in English.
580 _aForms part of: Miscellaneous Manuscripts collection.
656 7 _aEditors.
_2itoamc
656 7 _aJurists.
_2itoamc
656 7 _aLawyers.
_2itoamc
656 7 _aPrinters.
_2itoamc
656 7 _aPublic officials
_zPennsylvania.
_2itoamc
656 7 _aRepresentatives, U.S. Congress
_zOhio.
_2itoamc
999 _c42583
_d42583